00429nam a2200145Ia 4500008004100000041000900041082001500050100002500065245001900090260004800109300000900157650000800166999001700174952009200191230718s9999 xx 000 0 und d aEng. a340bSAE-P aSaeed, Malik. M (ed) 0aP. L. D (2001) aPakistanbAll Palastan legal decisionc2002 a1138 aLaw c27120d27120 00104070aSIRC-LbSIRC-Ld2023-07-18l0o340 SAE-Pp22072r2023-07-18w2023-07-18yBK